Zatiaľ som len stúpala teraz sa musím na vrchole udržať S Martinou Hingisovou aj o tom, ako jej černosi na US Open prikazovali zdolať Williamsovú

Bibliographic Details
Main Authors: Hingis, Martina 1980- (Author), Hinšt, Jaroslav (Author)
Format: Article
Language:Slovak
PhysicalDescription:Obr. 2
Subjects:

MARC

LEADER 00000nab a2200000 a 4500
001 vtls000642883
003 SK-MaSNL
005 20260303122417.0
008 180205c1997 xo 0 slo
015 |a SNBRB19rr/mm-uuuuu 
035 |a CL0643022 
040 |a SNKBUCL  |b slo  |c SNKBUCL  |e AACR2 
041 0 |a slo 
044 |a xo  |c SK 
080 |a 796.342.071  |2 1981 
100 1 |a Hingis, Martina  |d 1980-  |4 aut  |9 839519 
245 1 0 |a Zatiaľ som len stúpala teraz sa musím na vrchole udržať  |b S Martinou Hingisovou aj o tom, ako jej černosi na US Open prikazovali zdolať Williamsovú  |c Martina Hingis, Jaroslav Hinšt 
300 |b Obr. 2 
600 1 7 |a Hingis, Martina  |d 1980-  |x rozhovory  |2 snkbucl  |9 990447 
655 7 |a články z novín a časopisov  |2 snkbucl  |9 267496 
700 1 |a Hinšt, Jaroslav  |4 aut  |9 223305 
773 0 |t Šport  |g Roč. 51, č. 297 (29. 12. 1997), s. 11 
850 |a Slovenská národná knižnica v Martine  |a MTA001 
852 |a SNK  |b KIS3GCP 
958 |a RBX 
999 |c 1920872  |d 1922802